Guess The Restaraunt! #1 - Statistics

General Stats
  • This quiz has been taken 105 times
  • The average score is 17 of 20
Answer Stats
Picture Answer % Correct
Burger King
100%
Dominos
98%
KFC
98%
Mcdonalds
98%
Starbucks
98%
Taco Bell
98%
Dunkin Donuts
95%
Pizza Hut
94%
Papa Johns
93%
Wendys
91%
Subway
89%
Hard Rock
83%
In N Out
79%
Panda Express
79%
Chipotle
77%
Carl's Jr
74%
Dairy Queen
74%
Baskin Robbins
73%
Jack In The Box
73%
Little Ceasars
51%
No matching quizzes found
Score Distribution
Percent of People with Each Score
Percentile by Number Answered
Your Score History
You have not taken this quiz